[Event "Corr"]
[Site "?"]
[Date "1997.??.??"]
[Round "6"]
[White "Cranbourne Carlos Leon"]
[Black "Lamas Diego German"]
[Result "1-0"]
[WhiteElo "2420"]
[BlackElo "2200"]
[PlyCount "117"]
[EventDate "1997.??.??"]
[Source "www.chesslib.no"]
[SourceDate "2004.05.04"]

1. d4 Nf6 2. c4 e5 3. dxe5 Ng4 4. e3 Nxe5 5. Nc3 Nbc6 6. Nh3 Bb4 7. Bd2 d6 8. Nf4 Bf5 9. Be2 O-O 10. O-O Bxc3 11. Bxc3 a5 12. f3 Bd7 13. Qd2 Re8 14. b3 Ng6 15. Nh5 f6 16. Bd3 Qe7 17. Rae1 Qf7 18. f4 a4 19. e4 axb3 20. axb3 Ra3 21. Qb2 Rea8 22. Bb1 Nh4 23. Nxf6+ gxf6 24. Bxf6 Ng6 25. Re3 Kf8 26. Rg3 Ra1 27. h4 h5 28. Rg5 Bg4 29. e5 Nge7 30. exd6 cxd6 31. Rg7 Qe6 32. Rh7 Ng8 33. Bg7+ Ke8 34. Qc1 Rxb1 35. Qxb1 Nce7 36. Re1 Bf5 37. Qd1 Qxe1+ 38. Qxe1 Bxh7 39. Qd1 Bg6 40. Qxd6 Ra2 41. Qe5 Kf7 42. Bh8 Rd2 43. b4 b6 44. b5 Rd7 45. c5 Rd5 46. Qg7+ Ke8 47. cxb6 Be4 48. Qb2 Rd1+ 49. Kf2 Nh6 50. Ke2 Rd6 51. Qe5 Nhf5 52. Kf2 Bd5 53. Bf6 Rxb6 54. Bxe7 Nxe7 55. Qxh5+ Kd7 56. Qe2 Rf6 57. g3 Bf7 58. Qe5 Nd5 59. h5 1-0

[Event "ECC, Panormo GRE"]
[Site "?"]
[Date "2001.??.??"]
[Round "2"]
[White "Hedman, E."]
[Black "Van Schaardenburg, M."]
[Result "1/2-1/2"]
[WhiteElo "2350"]
[BlackElo "2265"]
[PlyCount "59"]
[EventDate "2001.??.??"]
[Source "www.chesslib.no"]
[SourceDate "2004.05.04"]

1. d4 Nf6 2. c4 e5 3. dxe5 Ng4 4. e3 Nxe5 5. Nh3 Ng6 6. Nc3 Bb4 7. Bd2 O-O 8. a3 Be7 9. Bd3 c6 10. O-O d5 11. cxd5 Bxh3 12. gxh3 cxd5 13. Qh5 d4 14. Nd5 Nc6 15. Rad1 Bd6 16. exd4 Nxd4 17. Bc3 Qg5+ 18. Qxg5 Nf3+ 19. Kh1 Nxg5 20. f4 Nxh3 21. Bxg6 fxg6 22. Kg2 Nxf4+ 23. Nxf4 Bxf4 24. Rd7 Bh6 25. Rxb7 Rxf1 26. Kxf1 Rf8+ 27. Ke2 Rf7 28. Rb8+ Rf8 29. Rb7 Rf7 30. Rb8+ 1/2-1/2

[Event "Malgrat del Mar op"]
[Site "?"]
[Date "1998.??.??"]
[Round "?"]
[White "Munoz Moreno Francisco Javier"]
[Black "Santos Antonio Pereira"]
[Result "0-1"]
[WhiteElo "2320"]
[BlackElo "2290"]
[PlyCount "70"]
[EventDate "1998.??.??"]
[Source "www.chesslib.no"]
[SourceDate "2004.05.04"]

1. d4 Nf6 2. c4 e5 3. dxe5 Ng4 4. e3 Nxe5 5. Nc3 Nbc6 6. Nf3 Bb4 7. Bd2 O-O 8. a3 Be7 9. Be2 d6 10. Nd4 Re8 11. O-O Na5 12. Qa4 b6 13. f4 Bd7 14. Qc2 Nexc4 15. b4 Nxd2 16. Qxd2 Nb7 17. Bf3 Rb8 18. Rfc1 c5 19. Nc6 Bxc6 20. Bxc6 Rf8 21. Nd5 f5 22. Qa2 Kh8 23. Re1 Bf6 24. Rad1 Qc8 25. Bxb7 Qxb7 26. Qe2 Rbe8 27. h3 Bd4 28. Qf3 Re4 29. exd4 Qxd5 30. Kh2 cxd4 31. Re2 Qe6 32. Red2 Re3 33. Qb7 Qg6 34. Rxd4 Qg3+ 35. Kh1 Rfe8 0-1

[Event "Copa de V"]
[Site "Mestres Copa de V"]
[Date "1996.??.??"]
[Round "?"]
[White "Dezan, Alberto J"]
[Black "Mujica, Mario Gustavo"]
[Result "0-1"]
[WhiteElo "2200"]
[BlackElo "2405"]
[PlyCount "30"]
[EventDate "1996.??.??"]
[Source "www.chesslib.no"]
[SourceDate "2004.05.04"]

1. d4 Nf6 2. c4 e5 3. dxe5 Ng4 4. Qd4 d6 5. exd6 Bxd6 6. Nf3 O-O 7. Bg5 Qe8 8. Nc3 Nc6 9. Qd2 Be6 10. e4 f6 11. Bf4 Bc5 12. Bg3 Rd8 13. Qc2 f5 14. h3 Qh5 15. Be2 f4 0-1

[Event "Mar del Plata op 34th"]
[Site "?"]
[Date "2003.04.12"]
[Round "1"]
[White "Atalik Suat"]
[Black "Ortigala Gonzalo"]
[Result "1-0"]
[WhiteElo "2568"]
[BlackElo "2033"]
[PlyCount "119"]
[EventDate "2003.??.??"]
[Source "www.chesslib.no"]
[SourceDate "2004.05.04"]

1. d4 Nf6 2. c4 e5 3. dxe5 Ng4 4. e3 Nxe5 5. Nh3 Bb4+ 6. Bd2 Bxd2+ 7. Qxd2 d6 8. Nf4 Nbc6 9. Nc3 O-O 10. Be2 Bg4 11. f3 Be6 12. b3 Qh4+ 13. g3 Qe7 14. O-O Rfe8 15. Rae1 Qd7 16. Rd1 Rad8 17. Qb2 Qc8 18. e4 Ne7 19. Ncd5 N7g6 20. Nh5 Bxd5 21. cxd5 f6 22. Kg2 c5 23. h3 Nf7 24. Rde1 Re5 25. f4 Re7 26. Bg4 Qc7 27. Be6 Nf8 28. Bxf7+ Rxf7 29. f5 b5 30. Nf4 Rc8 31. Ne6 Qb6 32. g4 Nd7 33. Re3 Ne5 34. Rg3 c4 35. Kh2 b4 36. g5 c3 37. Qg2 fxg5 38. Rxg5 Rcc7 39. Rg1 Qxg1+ 40. Qxg1 Nf3+ 41. Kh1 Nxg1 42. Rxg1 Rc8 43. Kg2 g6 44. Kf3 Kh8 45. Kf4 gxf5 46. exf5 c2 47. Rc1 Rc3 48. Ng5 Rfc7 49. f6 Rc8 50. Nf7+ Kg8 51. Nxd6 Rb8 52. Ne4 Rcc8 53. Ke5 Rb6 54. Nd6 Rc3 55. Nc4 Ra6 56. d6 Rxa2 57. Kd4 Rxh3 58. d7 Rh4+ 59. Kd3 Rh3+ 60. Ne3 1-0

[Event "CSR Team Ch 9091"]
[Site "Czekhoslovakia"]
[Date "1991.03.16"]
[Round "11.7"]
[White "Potomak, Vladimir"]
[Black "Sobek, Jaroslav"]
[Result "0-1"]
[WhiteElo "2315"]
[BlackElo "2285"]
[PlyCount "84"]
[EventDate "1990.??.??"]
[Source "www.chesslib.no"]
[SourceDate "2004.05.04"]

1. c4 Nf6 2. d4 e5 3. dxe5 Ng4 4. Nf3 Bc5 5. e3 Nc6 6. Bd2 Ncxe5 7. Nxe5 Nxe5 8. Bc3 Qe7 9. Be2 O-O 10. O-O a5 11. Qc2 Ra6 12. Nd2 Rh6 13. Nf3 Nxf3+ 14. Bxf3 d6 15. Qe4 Qg5 16. g3 c6 17. b3 Bh3 18. Rfe1 Re6 19. Qf4 Qxf4 20. exf4 Bb4 21. Bxb4 axb4 22. Rxe6 fxe6 23. Bg2 Bf5 24. Rd1 d5 25. cxd5 exd5 26. Rd4 Ra8 27. Rxb4 Rxa2 28. f3 b5 29. Rd4 Rc2 30. Bf1 Rc3 31. b4 Rxf3 32. Bg2 Rc3 33. Bf1 Kf7 34. Kf2 Rc2+ 35. Kg1 h5 36. h3 Kf6 37. Bg2 Rc4 38. Rxc4 bxc4 39. Kf2 c3 40. Ke3 d4+ 41. Ke2 d3+ 42. Kd1 Be6 0-1

[Event "Steinitz mem-B 1st"]
[Site "Prague"]
[Date "2001.01.01"]
[Round "7"]
[White "Kopjonkin, Gennady"]
[Black "Forman, Stepan"]
[Result "1-0"]
[WhiteElo "2378"]
[BlackElo "2220"]
[PlyCount "137"]
[EventDate "2000.12.26"]
[Source "ChessBase"]
[SourceDate "2001.01.11"]

1. d4 Nf6 2. c4 e5 3. dxe5 Ng4 4. e3 Nxe5 5. Nh3 Ng6 6. Nc3 d6 7. Qh5 Nd7 8. Nd5 c6 9. Ndf4 Nde5 10. Qd1 Nh4 11. Ng1 Qe7 12. h3 Bf5 13. Nf3 Nhxf3+ 14. gxf3 Nxf3+ 15. Qxf3 Be4 16. Qg3 Bxh1 17. f3 Qf6 18. Be2 h5 19. h4 Be7 20. Kf2 Qxh4 21. Qxh4 Bxh4+ 22. Kg1 g5 23. Nd3 Bxf3 24. Bxf3 g4 25. Be4 Bg5 26. Bd2 d5 27. cxd5 cxd5 28. Bxd5 Rd8 29. Be4 O-O 30. Rf1 Rfe8 31. Rf5 Rxe4 32. Rxg5+ Kh7 33. Nf2 Rxd2 34. Nxe4 Rxb2 35. Rxh5+ Kg7 36. Rg5+ Kh6 37. Ra5 a6 38. Ng3 Kg6 39. a3 Rb6 40. Kf2 Rb2+ 41. Kf1 f6 42. Ra4 f5 43. Ra5 Rb3 44. Nxf5 b6 45. Rd5 Rxa3 46. Kf2 Ra5 47. Nh4+ Kf6 48. Rd6+ Kg5 49. Kg3 Re5 50. Ng2 Rb5 51. Rd4 Kh5 52. Rd8 Rb4 53. Rd5+ Kh6 54. Rd6+ Kg5 55. Rd5+ Kf6 56. Nf4 Rb3 57. Nd3 Ke6 58. Rd4 Kf5 59. e4+ Ke6 60. Kxg4 a5 61. Kf4 a4 62. Ne5 a3 63. Ra4 b5 64. Ra6+ Ke7 65. Ng6+ Kf7 66. Kf5 Rf3+ 67. Nf4 b4 68. e5 b3 69. Rxa3 1-0

[Event "Cetinje (Women)"]
[Site "Cetinje"]
[Date "1991.??.??"]
[Round "8"]
[White "Misanovic, Vesna"]
[Black "Maksimovic, Suzana"]
[Result "1/2-1/2"]
[WhiteElo "2305"]
[BlackElo "2290"]
[PlyCount "93"]
[EventDate "1991.??.??"]
[Source "www.chesslib.no"]
[SourceDate "2004.05.04"]

1. d4 Nf6 2. c4 e5 3. dxe5 Ng4 4. e3 Nxe5 5. Nh3 Be7 6. Nf4 O-O 7. Nc3 d6 8. Be2 Re8 9. O-O Bf8 10. b3 Nbc6 11. Bb2 Ne7 12. Qd2 c6 13. Rad1 Nf5 14. e4 Nh4 15. Qe3 Qg5 16. Qg3 f6 17. Bh5 Nhg6 18. Qxg5 fxg5 19. Bxg6 hxg6 20. Nd3 Ng4 21. Rfe1 Nf6 22. e5 dxe5 23. Nxe5 Bf5 24. h3 g4 25. hxg4 Nxg4 26. Nxg4 Bxg4 27. f3 Bc5+ 28. Kf1 Rxe1+ 29. Rxe1 Bf5 30. Ne4 Bb4 31. Rd1 Re8 32. a3 Bf8 33. Re1 Rd8 34. Ke2 b5 35. cxb5 cxb5 36. g4 Be6 37. b4 Bc4+ 38. Kf2 Rd3 39. Re3 Rd1 40. Be5 Rf1+ 41. Kg2 Rd1 42. Bb8 a6 43. Ba7 Be7 44. Bc5 Bh4 45. Bd6 Bf6 46. Nxf6+ gxf6 47. Bc5 1/2-1/2

[Event "BL2-Ost 0001"]
[Site "Germany"]
[Date "2001.02.18"]
[Round "6.4"]
[White "Koehler, Ronald"]
[Black "Bartsch, Berthold"]
[Result "1/2-1/2"]
[WhiteElo "2255"]
[BlackElo "2337"]
[PlyCount "95"]
[EventDate "2000.10.15"]
[Source "ChessBase"]
[SourceDate "2001.07.03"]

1. d4 Nf6 2. c4 e5 3. dxe5 Ng4 4. e3 Nxe5 5. Nh3 Ng6 6. a3 d6 7. Qh5 Nd7 8. Ng5 Nf6 9. Qd1 Be7 10. Nc3 O-O 11. Be2 c6 12. O-O d5 13. cxd5 Nxd5 14. Nxd5 Bxg5 15. Nc3 Qb6 16. Qc2 Rd8 17. Kh1 Bf6 18. f4 a5 19. Bc4 Be6 20. Ne4 Be7 21. Bxe6 fxe6 22. Bd2 Qb5 23. Bc3 Qd3 24. Qxd3 Rxd3 25. Bd4 Rd8 26. Rac1 Rd5 27. g3 Kf7 28. Rc2 h5 29. Kg2 Rb3 30. Kf2 Bf6 31. Bxf6 gxf6 32. Nc3 Rd8 33. Ke2 Ne7 34. e4 f5 35. Rd1 Rxd1 36. Kxd1 h4 37. Rd2 b5 38. Kc2 a4 39. Rd6 fxe4 40. Nxe4 hxg3 41. hxg3 Nf5 42. Ng5+ Kf8 43. Nxe6+ Ke7 44. Rxc6 Rxg3 45. Ra6 Re3 46. Nc5 Nd4+ 47. Kd2 Rf3 48. Ne4 1/2-1/2

[Event "Zalakaros"]
[Site "?"]
[Date "2002.05.28"]
[Round "6"]
[White "Wiley Tom E"]
[Black "Majeric Zoran"]
[Result "0-1"]
[WhiteElo "2242"]
[BlackElo "2344"]
[PlyCount "78"]
[EventDate "2002.??.??"]
[Source "www.chesslib.no"]
[SourceDate "2004.05.04"]

1. d4 Nf6 2. c4 e5 3. dxe5 Ng4 4. e3 Nxe5 5. Nh3 d6 6. Nf4 g6 7. Be2 Bg7 8. Nc3 Nbd7 9. Qd2 Nb6 10. b3 a5 11. Bb2 O-O 12. O-O a4 13. Rac1 axb3 14. axb3 Nbd7 15. Ra1 Rxa1 16. Rxa1 Nc5 17. Qd1 Bf5 18. Na4 Nxa4 19. Rxa4 Bd7 20. Ra2 Re8 21. Qa1 h5 22. Nd3 Bf5 23. Nxe5 Bxe5 24. Bxe5 dxe5 25. b4 Bd3 26. Rd2 Bxe2 27. Qc3 Qh4 28. Rxe2 Rd8 29. Re1 Qe4 30. Ra1 Rd3 31. Qc1 Rb3 32. f3 Qd3 33. b5 Rc3 34. Qe1 Qxc4 35. h3 Qc5 36. Kf2 Rc2+ 37. Kg3 Qxb5 38. Ra8+ Kg7 39. Qd1 Qe2 0-1

[Event "It (open)"]
[Site "Balaguer (Spain)"]
[Date "2007.07.16"]
[Round "1"]
[White "Narciso Dublan Marc (ESP)"]
[Black "Pique Safont Joan Manel (ESP)"]
[Result "1-0"]
[WhiteElo "2552"]
[BlackElo "2023"]
[PlyCount "69"]
[EventDate "2007.??.??"]
[Source "www.chesslib.no"]
[SourceDate "2004.05.04"]

1. d4 Nf6 2. c4 e5 3. dxe5 Ng4 4. e3 Nxe5 5. Nh3 d6 6. Nf4 Be7 7. Be2 Nbd7 8. Nd5 Nb6 9. Nxb6 axb6 10. Nc3 Bd7 11. O-O O-O 12. Qc2 Re8 13. b3 Bf8 14. Bb2 Bc6 15. Nd5 b5 16. Nxc7 Qg5 17. e4 Qg6 18. f3 Bd7 19. Nxa8 Bh3 20. Rf2 Rxa8 21. Kh1 Be6 22. cxb5 Rc8 23. Qd2 Be7 24. Rc1 Ra8 25. Bd4 Bd8 26. Qb2 f6 27. f4 Ng4 28. f5 Nxf2+ 29. Bxf2 Bxf5 30. Bc4+ Kf8 31. exf5 Qxf5 32. Qd2 Qe5 33. Bg3 Qg5 34. Bxd6+ Be7 35. Bxe7+ 1-0

[Event "Bad Wiessee"]
[Site "?"]
[Date "2002.10.30"]
[Round "5"]
[White "Fahnenschmidt Gerhard"]
[Black "Wippermann Till"]
[Result "0-1"]
[WhiteElo "2221"]
[BlackElo "2354"]
[PlyCount "68"]
[EventDate "2002.??.??"]
[Source "www.chesslib.no"]
[SourceDate "2004.05.04"]

1. d4 Nf6 2. c4 e5 3. dxe5 Ng4 4. e3 Nxe5 5. Nh3 g6 6. Nc3 Bg7 7. Be2 O-O 8. O-O d6 9. Nf4 a5 10. e4 Na6 11. Be3 Nc5 12. f3 b6 13. Nb5 Ba6 14. Qd2 Qd7 15. Nd5 Rfc8 16. Bg5 Kh8 17. Bf6 Bxf6 18. Nxf6 Qd8 19. f4 Nxc4 20. Qc3 Bxb5 21. Rf3 Na4 22. Rh3 h5 23. Qd4 c5 24. Qd5 Qxf6 25. Bxh5 Kg7 26. e5 Qxf4 27. Bxg6 Qd4+ 28. Qxd4 cxd4 29. Be4 Nxe5 30. Rg3+ Kf6 31. b3 Nc3 32. Bxa8 Ne2+ 33. Kf2 Nxg3 34. Bb7 Rc7 0-1

[Event "Open"]
[Site "Dubna RUS"]
[Date "2007.08.06"]
[Round "5"]
[White "Konovalov, N."]
[Black "Dzhangobegov, V."]
[Result "1-0"]
[WhiteElo "2431"]
[BlackElo "2143"]
[PlyCount "103"]
[EventDate "2007.08.02"]
[Source "www.chesslib.no"]
[SourceDate "2004.05.04"]

1. d4 Nf6 2. c4 e5 3. dxe5 Ng4 4. e3 Nxe5 5. Nh3 Nbc6 6. Nf4 Bc5 7. Nc3 d6 8. Be2 O-O 9. O-O Ne7 10. Na4 Bb6 11. b3 Bd7 12. Nxb6 axb6 13. Bb2 Bc6 14. Nd5 f5 15. Qd4 Bxd5 16. cxd5 Rf7 17. Bh5 Rf6 18. f4 Nd7 19. g4 fxg4 20. e4 Qf8 21. Rf2 Ng6 22. Bxg4 Nc5 23. Raf1 Re8 24. Be6+ Rexe6 25. dxe6 Nxe6 26. Qc4 b5 27. Qxb5 Rxf4 28. Rxf4 Ngxf4 29. Qf5 g6 30. Qxf8+ Kxf8 31. Kf2 Ke7 32. Ke3 g5 33. b4 d5 34. Be5 Kd7 35. exd5 Nxd5+ 36. Ke4 Nxb4 37. Rf7+ Kc6 38. Rxh7 Nxa2 39. Kf5 Nc5 40. Rxc7+ Kd5 41. Rc8 b5 42. Rd8+ Kc4 43. Rd4+ Kc3 44. Rd5+ Kc4 45. Rd4+ Kc3 46. Rg4+ Kc2 47. Rg2+ Kb3 48. Rb2+ Ka3 49. Rxb5 Nd3 50. Rb8 Ne1 51. Bd6+ Ka4 52. Kxg5 1-0

[Event "Paulisto-ch3"]
[Site "?"]
[Date "2000.??.??"]
[Round "2"]
[White "Blank Goncalves Eduardo"]
[Black "Limp Eduardo"]
[Result "0-1"]
[WhiteElo "2149"]
[BlackElo "2420"]
[PlyCount "58"]
[EventDate "2000.??.??"]
[Source "www.chesslib.no"]
[SourceDate "2004.05.04"]

1. d4 Nf6 2. c4 e5 3. dxe5 Ng4 4. Nh3 Nxe5 5. e3 Bb4+ 6. Bd2 Bxd2+ 7. Qxd2 Ng6 8. g3 d6 9. Bg2 Nd7 10. f4 h5 11. Ng5 h4 12. Na3 Nc5 13. Qc2 hxg3 14. hxg3 Rxh1+ 15. Bxh1 Qe7 16. Bd5 Qxe3+ 17. Kf1 Kf8 18. Qh2 Ne6 19. Nh7+ Kg8 20. Re1 Qd3+ 21. Kg1 c6 22. Be4 Qd4+ 23. Kh1 Ngf8 24. f5 Nxh7 25. fxe6 Nf6 26. exf7+ Kxf7 27. Qh4 Qf2 28. Nc2 Bg4 29. Re3 Nxe4 0-1

[Event "Ch Europe team"]
[Site "Debrecen HUN"]
[Date "1992.??.??"]
[Round "?"]
[White "Kadimova, Ilaha"]
[Black "Van Herck, Marcel"]
[Result "1-0"]
[WhiteElo "2355"]
[BlackElo "2205"]
[PlyCount "63"]
[EventDate "1992.??.??"]
[Source "www.chesslib.no"]
[SourceDate "2004.05.04"]

1. d4 Nf6 2. c4 e5 3. dxe5 Ng4 4. e3 Nxe5 5. Nh3 Bc5 6. Be2 Nbc6 7. O-O d6 8. Nf4 O-O 9. Nc3 Bf5 10. Na4 Bb6 11. a3 Nd7 12. b4 Nce5 13. Bb2 Re8 14. Qb3 a6 15. Nxb6 Nxb6 16. Rac1 Qc8 17. c5 dxc5 18. Rxc5 Nbd7 19. Rcc1 Nf6 20. Rfd1 Bd7 21. Nd3 Nxd3 22. Bxd3 Bc6 23. Bc4 Re7 24. Bxf6 gxf6 25. Bd5 Bxd5 26. Qxd5 Rb8 27. Qh5 Re5 28. Qh6 Re6 29. Rd4 f5 30. Qf4 c6 31. Qxf5 Qe8 32. Rcd1 1-0

[Event "Camp. scozzese"]
[Site "Cumbernauld SCO"]
[Date "2007.07.08"]
[Round "2"]
[White "Muir, A."]
[Black "Spencer, E."]
[Result "1-0"]
[WhiteElo "2350"]
[BlackElo "2203"]
[PlyCount "75"]
[EventDate "2007.07.07"]
[Source "www.chesslib.no"]
[SourceDate "2004.05.04"]

1. d4 Nf6 2. c4 e5 3. dxe5 Ng4 4. e3 Nxe5 5. Nh3 Ng6 6. g3 Bb4+ 7. Bd2 Bxd2+ 8. Qxd2 d6 9. f4 h5 10. Nc3 Bg4 11. Bg2 Nc6 12. Nf2 Be6 13. Nd5 h4 14. O-O-O Qd7 15. g4 h3 16. Bf1 Bxd5 17. cxd5 Nce7 18. Bxh3 O-O-O 19. Qd4 Kb8 20. Qxg7 Qa4 21. Kb1 Rxh3 22. Nxh3 Nxd5 23. Qd4 Qxd4 24. exd4 Rh8 25. Rd3 Rh4 26. f5 Nge7 27. Nf2 Rh8 28. h4 Nf4 29. Re3 Ned5 30. Re4 Ng2 31. h5 Kc8 32. g5 Nge3 33. f6 Nf5 34. Rh3 Kd8 35. Rf3 Nxf6 36. gxf6 Rxh5 37. Rh3 Rg5 38. Rg4 1-0

[Event "Spring Open"]
[Site "Budapest HUN"]
[Date "1990.??.??"]
[Round "4"]
[White "Klebel, Martin"]
[Black "Goczan, Laszlo"]
[Result "1-0"]
[WhiteElo "2335"]
[BlackElo "2215"]
[PlyCount "47"]
[EventDate "1990.??.??"]
[Source "www.chesslib.no"]
[SourceDate "2004.05.04"]

1. d4 Nf6 2. c4 e5 3. dxe5 Ng4 4. e3 Nxe5 5. Nh3 Bc5 6. Nf4 O-O 7. Nc3 Re8 8. Be2 a5 9. b3 Ra6 10. Bb2 Rh6 11. Qd2 Na6 12. O-O-O Rd6 13. Qe1 Rxd1+ 14. Qxd1 Bf8 15. h4 Nc5 16. Nh5 d6 17. f4 Ng4 18. Bxg4 Bxg4 19. Qxg4 Nd3+ 20. Kc2 Nf2 21. Qf5 g6 22. Nf6+ Kh8 23. Qd5 Nxh1 24. Qxf7 1-0

[Event "Kecskemet4"]
[Site "?"]
[Date "1992.??.??"]
[Round "11"]
[White "Rechner Klaus"]
[Black "Bews Steven"]
[Result "0-1"]
[WhiteElo "2255"]
[BlackElo "2295"]
[PlyCount "40"]
[EventDate "1992.??.??"]
[Source "www.chesslib.no"]
[SourceDate "2004.05.04"]

1. d4 Nf6 2. c4 e5 3. dxe5 Ng4 4. Qd4 d6 5. exd6 Bxd6 6. Nf3 O-O 7. e3 Nc6 8. Qd1 Bf5 9. a3 Qf6 10. Nc3 Rad8 11. Bd2 Nce5 12. h3 Nxf3+ 13. gxf3 Ne5 14. f4 Nd3+ 15. Bxd3 Bxd3 16. Qg4 c6 17. O-O-O Rfe8 18. f3 h6 19. Rhg1 Bf5 20. Qg3 Rxe3 0-1

[Event "It Open"]
[Site "St Ingbert"]
[Date "1989.??.??"]
[Round "7"]
[White "Ribli, Zoltan"]
[Black "Hentzgen Thomas"]
[Result "1-0"]
[WhiteElo "2625"]
[BlackElo "1920"]
[PlyCount "80"]
[EventDate "1989.??.??"]
[Source "www.chesslib.no"]
[SourceDate "2004.05.04"]

1. d4 Nf6 2. c4 e5 3. dxe5 Ng4 4. e3 Nxe5 5. Nh3 Nbc6 6. Be2 Be7 7. Nf4 b6 8. Nc3 Bb7 9. b3 Bb4 10. Bb2 Qh4 11. Nfd5 O-O-O 12. a3 Bxc3+ 13. Bxc3 Rde8 14. Qc2 f5 15. g3 Qh6 16. O-O-O Rhf8 17. h3 Nf7 18. Qb2 Rg8 19. g4 Ne7 20. gxf5 Nxf5 21. Bg4 N7d6 22. Be5 Bxd5 23. Rxd5 Nxe3 24. fxe3 Qxe3+ 25. Kd1 Ne4 26. Rxd7 Kb8 27. Bd4 Qd3+ 28. Kc1 Qg3 29. Qh2 h5 30. Qxg3 Nxg3 31. Rg1 hxg4 32. Rxg3 gxh3 33. Rxh3 Re2 34. Bxg7 Rg2 35. Bc3 Rg1+ 36. Kc2 R8g2+ 37. Rd2 Rg6 38. Rh7 R1g3 39. Be5 Rf3 40. Rxc7 Rg8 1-0

[Event "Geller Mem, Odessa UKR"]
[Site "?"]
[Date "2001.??.??"]
[Round "7"]
[White "Eryomenko, V."]
[Black "Zakharchenko, A."]
[Result "1-0"]
[WhiteElo "2150"]
[BlackElo "2395"]
[PlyCount "35"]
[EventDate "2001.??.??"]
[Source "www.chesslib.no"]
[SourceDate "2004.05.04"]

1. d4 Nf6 2. c4 e5 3. dxe5 Ng4 4. Qd4 d6 5. exd6 Nc6 6. Qd1 Bxd6 7. Nc3 O-O 8. e3 Qh4 9. Qe2 Re8 10. Nf3 Qh5 11. Bd2 Bf5 12. O-O-O Nf6 13. Be1 Bg6 14. Nd4 Qa5 15. Nb3 Qf5 16. a3 Bf4 17. Qd3 Qe5 18. exf4 1-0

[Event "Lisbon VI Finalissima"]
[Site "?"]
[Date "1996.??.??"]
[Round "10"]
[White "Santos Carlos P"]
[Black "Quadrio Alexandre"]
[Result "1/2-1/2"]
[WhiteElo "2330"]
[BlackElo "2210"]
[PlyCount "21"]
[EventDate "1996.??.??"]
[Source "www.chesslib.no"]
[SourceDate "2004.05.04"]

1. d4 Nf6 2. c4 e5 3. dxe5 Ng4 4. Nc3 Nc6 5. Nf3 Bc5 6. Ne4 Bb4+ 7. Bd2 Qe7 8. a3 Bxd2+ 9. Nexd2 Ngxe5 10. e3 O-O 11. Be2 1/2-1/2

[Event "Harmonie Open A"]
[Site "Groningen NED"]
[Date "2007.12.29"]
[Round "8"]
[White "Van Ketel, R."]
[Black "Kuling, L."]
[Result "1-0"]
[WhiteElo "2336"]
[BlackElo "2200"]
[PlyCount "49"]
[EventDate "2007.12.21"]
[Source "www.chesslib.no"]
[SourceDate "2004.05.04"]

1. d4 Nf6 2. c4 e5 3. dxe5 Ng4 4. e3 Nxe5 5. Nh3 g6 6. Bd2 Bg7 7. Bc3 d6 8. Nf4 Bf5 9. Na3 Na6 10. Be2 O-O 11. O-O Qh4 12. g3 Qd8 13. f3 Kh8 14. e4 Bd7 15. b4 f5 16. Qd2 fxe4 17. fxe4 Qg5 18. c5 dxc5 19. Nc4 Rxf4 20. Rxf4 Qe7 21. Nxe5 Bxe5 22. Qxd7 Qxd7 23. Bxe5+ Kg8 24. Bc4+ Qd5 25. Bxd5# 1-0

[Event "Oberliga Nord N9192"]
[Site "Germany"]
[Date "1992.??.??"]
[Round "?"]
[White "Sack, Bruno Wolfgang"]
[Black "Laqua, Christian"]
[Result "1-0"]
[WhiteElo "2320"]
[BlackElo "2210"]
[PlyCount "64"]
[EventDate "1991.??.??"]
[Source "www.chesslib.no"]
[SourceDate "2004.05.04"]

1. d4 Nf6 2. c4 e5 3. dxe5 Ng4 4. e3 Nxe5 5. f4 Nec6 6. Nf3 Bc5 7. Bd3 d6 8. O-O Bg4 9. Nc3 a5 10. Kh1 Nd7 11. a3 Nf6 12. Qe1 Qd7 13. Nd4 Ne7 14. Nc2 Qc8 15. e4 Be6 16. f5 Bd7 17. Bg5 Nfg8 18. e5 f6 19. exf6 gxf6 20. Bh4 Kf7 21. Ne3 Bxe3 22. Qxe3 Nxf5 23. Bxf5 Bxf5 24. Qf4 Ne7 25. Qd4 Re8 26. Qxf6+ Kg8 27. Rae1 Ng6 28. Rxe8+ Qxe8 29. Rxf5 c6 30. Rf1 Rc8 31. Bg3 Qd7 32. Qxd6 Qg4 1-0

[Event "BRA sf"]
[Site "?"]
[Date "2001.??.??"]
[Round "?"]
[White "Abreu Guilherme"]
[Black "Limp Eduardo"]
[Result "0-1"]
[WhiteElo "2068"]
[BlackElo "2462"]
[PlyCount "82"]
[EventDate "2001.??.??"]
[Source "www.chesslib.no"]
[SourceDate "2004.05.04"]

1. d4 Nf6 2. c4 e5 3. dxe5 Ng4 4. e3 Bb4+ 5. Bd2 Bxd2+ 6. Nxd2 Nxe5 7. Ngf3 d6 8. Nxe5 dxe5 9. Nf3 Qe7 10. Qc2 Nd7 11. Be2 a5 12. O-O Nc5 13. Qc3 f6 14. Rfd1 O-O 15. Nd2 Bf5 16. Bf3 c6 17. Nb3 Na4 18. Qc1 Qb4 19. c5 Be6 20. Qc2 Bxb3 21. axb3 Nxc5 22. Qc4+ Qxc4 23. bxc4 a4 24. g3 Kf7 25. Kf1 Ke7 26. Ra3 Rfd8 27. Ke1 e4 28. Be2 Rxd1+ 29. Kxd1 Rd8+ 30. Kc2 f5 31. f3 exf3 32. Bxf3 Rd6 33. g4 fxg4 34. Bxg4 Rf6 35. h3 Rf2+ 36. Kc3 Kd6 37. Ra1 Ke5 38. Rd1 Ne4+ 39. Kb4 Rxb2+ 40. Ka3 Rb3+ 41. Kxa4 Nc5+ 0-1

[Event "Alta Grand Prix"]
[Site "?"]
[Date "2003.06.19"]
[Round "3"]
[White "Nordahl Helge Andreas"]
[Black "Loubnine Leonid (RUS)"]
[Result "1-0"]
[WhiteElo "2323"]
[BlackElo "2190"]
[PlyCount "110"]
[EventDate "2003.??.??"]
[Source "www.chesslib.no"]
[SourceDate "2004.05.04"]

1. d4 Nf6 2. c4 e5 3. dxe5 Ng4 4. Nc3 Nxe5 5. Bf4 Nbc6 6. e3 Bb4 7. Qc2 Qe7 8. a3 Bxc3+ 9. Qxc3 a5 10. Nf3 d6 11. c5 O-O 12. cxd6 cxd6 13. Be2 Bg4 14. O-O Bxf3 15. gxf3 g5 16. Bg3 h5 17. f4 h4 18. Bxh4 gxh4 19. fxe5 dxe5 20. Kh1 Kh7 21. Qc2+ f5 22. Rad1 Kh6 23. Rg1 e4 24. Rd5 Rad8 25. Qb3 Rxd5 26. Qxd5 Qf6 27. Qd7 b6 28. Qc7 Ne5 29. Rd1 Nf7 30. Rd7 Qxb2 31. Rxf7 Rxf7 32. Qxf7 Qxe2 33. Qf6+ Kh7 34. Qxf5+ Kg7 35. Qd7+ Kf6 36. Qd6+ Kf7 37. Qc7+ Ke8 38. Qc6+ Kf7 39. Qd7+ Kf6 40. Qd6+ Kg7 41. Qe7+ Kg8 42. Qg5+ Kf7 43. Qf4+ Kg7 44. Kg2 Qd3 45. Qc7+ Kg8 46. Qc8+ Kg7 47. a4 Qb1 48. Qg4+ Kf7 49. Qxh4 Qb4 50. Qh7+ Kf8 51. Qd7 Qc4 52. h4 Qc5 53. Qd8+ Kf7 54. Qg5 Qxg5+ 55. hxg5 Kg6 1-0

[Event "Espoo We MatSK Open"]
[Site "Espoo"]
[Date "1996.??.??"]
[Round "4"]
[White "Kallio, Heikki"]
[Black "Maidla, Vallo"]
[Result "0-1"]
[WhiteElo "2140"]
[BlackElo "2370"]
[PlyCount "120"]
[EventDate "1996.??.??"]
[Source "www.chesslib.no"]
[SourceDate "2004.05.04"]

1. d4 Nf6 2. c4 e5 3. dxe5 Ng4 4. e3 Nxe5 5. Nc3 Nbc6 6. Nh3 d6 7. Nf4 Be6 8. b3 g5 9. Nxe6 fxe6 10. Be2 Bg7 11. Bb2 Qe7 12. Bh5+ Kd7 13. h3 Raf8 14. Qd2 Kc8 15. O-O Rhg8 16. f3 Nd7 17. Ne2 Bxb2 18. Qxb2 Nf6 19. Ng3 Qg7 20. Qe2 Nxh5 21. Nxh5 Qg6 22. Ng3 h5 23. Rac1 Ne5 24. Qc2 Qh6 25. Qc3 g4 26. hxg4 hxg4 27. f4 Nc6 28. b4 Qh4 29. Qe1 Nxb4 30. Qxb4 Qxg3 31. Qe1 Qxe1 32. Rcxe1 Rf5 33. Kf2 Ra5 34. Re2 Kd7 35. Rh1 Rc5 36. Rh7+ Kc8 37. Rh6 e5 38. Kg3 exf4+ 39. exf4 Rxc4 40. f5 Rf8 41. f6 Rf7 42. Kh4 Rf4 43. Kg5 Rf1 44. Re4 c5 45. Rxg4 Kd7 46. Ra4 a6 47. g4 d5 48. Rf4 Rxf4 49. Kxf4 d4 50. Ke5 d3 51. Rh2 c4 52. Rd2 Rf8 53. Kf5 Re8 54. f7 Re1 55. f8=N+ Kd6 56. Kf6 Re2 57. Rd1 d2 58. Ng6 c3 59. Ne5 Rxe5 60. g5 Re1 0-1